000 02564cam a22006374i 4500
003 PE-LiUPU
005 20250731180140.0
008 150706s r 000 0 d
020 _a8429151583
035 _a(Sirsi) i9788429151589
040 _aPE-LiUPU
_bspa
_cPE-LiUPU
_erda
049 _aPRUA
082 0 4 _a514.24
_bS18
_221
082 0 4 _a517.075
_bS17 T2 2008
_221
100 1 _aSalas, Saturnino L.,
_eautor.
245 1 0 _aCalculus :
_buna y varias variables /
_cSaturnino L. Salas, Einar Hille y Garret J. Etgen.
250 _a4a
264 1 _aBarcelona :
_bREBERTÉ,
_c2005.
300 _a1155 páginas :
_bilustraciones ;
_c25 cm.
336 _atext
_2rdacontent
337 _aunmediated
_2rdamedia
338 _avolume
_2rdacarrier
505 0 _aVectores -- Cálculo vectorial -- Funciones de varias variables -- Gradientes; valores extremos, diferenciales -- Integrales dobles y triples -- Integrales de línea y de superficie -- Ecuaciones diferenciales elementales -- .
526 _aSEG44
526 _aSEG26
526 _aP159
526 _aP155
526 _aP154
526 _aP153
526 _aP150
526 _aP100
526 _aP31
526 _aP30
526 _aP26
526 _aP25
526 _aP24
526 _aP22
526 _aP15
526 _aP10
541 _g0054-0000884;
541 _g001-00003175;
650 0 4 _aCálculo
_vManuales, etc.
650 0 4 _aGeometría analítica
_vManuales, etc.
650 0 4 _aGeometría
_vProblemas, ejercicios, etc.
700 1 _aHille, Einar,
_eautor.
700 1 _aEtgen, Garret J.,
_eautor.
910 _agl
_blv
_cng
_d20091014
910 _btqv
_caic
_d20170119
942 _2ddc
_cBOOK
949 _a514.24 S18 2
_wDEWEY
_c1
_i60590
_lCCODEBUL1
_mBUL
_p33.00
_r0
_sY
_tBOOK
_u2015-7-6
_xINGENIERIA
_PP27
_o.STAFF. Colección General
949 _a517.075 S17 2008
_wDEWEY
_c1
_iFJ05736
_lCCODEBUJ1
_mBUJ
_p30.00
_r0
_sY
_tBOOK
_u2017-01-19
_xINGENIERÍA
_PP25
_0COMPRA
_o.STAFF. Colección General Juliaca
994 _aC0
_bPEPRU
596 _a1 3
999 _a514.24 S18 2
_wDEWEY
_c50010
_i60590
_d50010
_e2019-8-26
_f2021-11-5
_g7
_lCCODEBUL1
_mBUL
_n5
_p33.00
_q3
_r0
_sY
_tBOOK
_u2015-7-6
_xBIBLIOTECA
_PP27
_0COMPRA
_o.STAFF. Colección General
999 _a517.075 S17 T2 2008
_wDEWEY
_c1
_iFJ05736
_d2019-9-12
_f2022-1-19
_g4
_lCCODEBUJ1
_mBUJ
_p30.00
_q2
_r0
_sY
_tBOOK
_u2017-1-19
_xINGENIERIA
_PP25
_0COMPRA
_o.STAFF. Colección General Juliaca
980 _81
_gALBERTO SANCHEZ Responsable de Automatización